Nombres premiers jumeaux - Statistiques

Statistiques générales
  • Ce quiz a été pris 46 fois
  • Le résultat moyen est 30 sur 69
Statistiques - réponses
Réponse % Correct
11
100%
13
100%
17
98%
19
98%
3
98%
5
98%
7
98%
29
90%
31
85%
41
83%
43
83%
59
78%
61
76%
71
76%
73
73%
101
71%
103
71%
107
63%
109
61%
137
59%
139
59%
149
56%
151
56%
179
51%
181
51%
191
49%
193
49%
197
46%
199
44%
227
44%
229
44%
239
44%
241
44%
269
39%
271
39%
281
39%
283
39%
311
39%
313
39%
347
34%
349
32%
419
24%
421
24%
571
24%
431
22%
433
22%
461
22%
463
22%
521
22%
523
22%
569
22%
599
17%
601
17%
641
15%
643
15%
617
12%
619
12%
661
12%
659
10%
809
10%
811
10%
821
10%
823
10%
827
10%
829
10%
857
10%
859
10%
881
10%
883
10%
Aucun quiz correspondant
Distribution des résultats
% des personnes avec chaque résultat
Percentile par nombre de réponses
Votre historique - résultats
Vous n’avez pas pris ce quiz